Kế hoạch kinh doanh trên một trang giấy : Dành cho lĩnh vực dịch vụ tài chính
Kế hoạch kinh doanh trên một trang giấy là cách tiếp cận tân tiến giúp người lập kế hoạch kinh doanh có thể nắm bắt được các yếu tố cơ bản của bất kì công việc, dự án hay chương trình nào chỉ trên một trang giấy bằng những từ khóa...
Đã lưu trong:
| 主要作者: | |
|---|---|
| 格式: | 图书 |
| 语言: | Undetermined |
| 出版: |
Hà Nội
Kinh tế Quốc doanh
2010
|
| 主题: | |
| 标签: |
添加标签
没有标签, 成为第一个标记此记录!
|
| Thư viện lưu trữ: | Trung tâm Học liệu Trường Đại học Cần Thơ |
|---|
| LEADER | 01132nam a2200229Ia 4500 | ||
|---|---|---|---|
| 001 | CTU_155122 | ||
| 008 | 210402s9999 xx 000 0 und d | ||
| 020 | |c 41000 | ||
| 082 | |a 658.4012 | ||
| 082 | |b H811 | ||
| 100 | |a Horan, Jim | ||
| 245 | 0 | |a Kế hoạch kinh doanh trên một trang giấy : | |
| 245 | 0 | |b Dành cho lĩnh vực dịch vụ tài chính | |
| 245 | 0 | |c Jim Horan | |
| 260 | |a Hà Nội | ||
| 260 | |b Kinh tế Quốc doanh | ||
| 260 | |c 2010 | ||
| 520 | |a Kế hoạch kinh doanh trên một trang giấy là cách tiếp cận tân tiến giúp người lập kế hoạch kinh doanh có thể nắm bắt được các yếu tố cơ bản của bất kì công việc, dự án hay chương trình nào chỉ trên một trang giấy bằng những từ khóa và cụm từ ngắn gọn về lĩnh vực dịch vụ tài chính. | ||
| 650 | |a Business planning,Finance,Nonprofit organizations | ||
| 650 | |x Planning | ||
| 904 | |i Bạch Trúc | ||
| 980 | |a Trung tâm Học liệu Trường Đại học Cần Thơ | ||